Airlines in Mainland China - Sudden Death - Statistics

General Stats
  • This quiz has been taken 54 times
  • The average score is 9 of 16
Answers on the Grid
Answers color-coded by a green-red scale on the quiz's grid according to % correct below.
Air China
China Southern Airlines
China Eastern Airlines
Hainan Airlines
Spring Airlines
Loong Air
West Air
Juneyao Air
Sichuan Airlines
Tibet Airlines
Shanghai Airlines
Beijing Capital Airlines
Xiamen Air
China United Airlines
Lucky Air
Shenzhen Airlines
China Airlines
EVA Air
Cathay Pacific
Scoot
Jeju Air
Singapore Airlines
AirAsia
S7 Airlines
T'way Air
All Nippon Airways
Jetstar
Air Astana
 
Answer Stats
Answer % Correct
Shenzhen Airlines
79%
China Southern Airlines
76%
Beijing Capital Airlines
69%
Hainan Airlines
69%
Xiamen Air
69%
China Eastern Airlines
66%
Sichuan Airlines
66%
Air China
62%
Shanghai Airlines
59%
Tibet Airlines
55%
China United Airlines
52%
Juneyao Air
48%
Loong Air
48%
Lucky Air
45%
Spring Airlines
45%
West Air
38%
No matching quizzes found
Score Distribution
Percent of People with Each Score
Percentile by Number Answered
Your Score History
You have not taken this quiz